| 000 | 00000nas##2200000za#4500 |
|---|---|
| 001 | 9.509752 |
| 003 | CaOODSP |
| 005 | 20200325104545 |
| 007 | ta |
| 008 | 150406c1994||||xxc|| m #||||f| |0eng|d |
| 040 | |aCaOODSP|beng |
| 041 | |aeng |
| 041 | |afre |
| 043 | |an-cn--- |
| 086 | 1 |aYX4-1994 |
| 110 | 1 |aCanada.|bStatutes. |
| 245 | 10|aStatutes of Canada 1994 : |b1st session, 35th parliament, 42-43 Elizabeth II, 1994 |
| 260 | |bStatutes |
| 546 | |aBilingual |
| 563 | |aSoftcover |
| 792 | |tLois du Canada (1994) : |efre|w(CaOODSP)9.509753 |